Texas Counties - Sudden Death - Statistics

General Stats
  • This quiz has been taken 94 times
  • The average score is 15 of 30
Answers on the Grid
Answers color-coded by a green-red scale on the quiz's grid according to % correct below.
Allen
Angelina
Arthur
Bastrop
Bell
Burnet
Chautauqua
Cherokee
Cheyenne
Cooke
Craig
Deaf Smith
El Paso
Fisher
Fort Worth
Glasscock
Hamilton
Harris
Hooker
Houston
Iseman
Jack
James
Jim Hogg
Kelogg
Kerr
La Salle
Lawrence
Live Oak
Martin
McPherson
Merrick
Montague
Nicholas
Oxford
Palo Pinto
Peterson
Pickens
Pierce
Randolph
Renville
Roberts
Saline
San Antonio
San Jacinto
Simpson
Surrey
Terry
Thomas
Tom Green
Upshur
Valor
Van Buren
Waller
Weller
Wichita
Wicks
Wise
Xavier
Young
 
Answer Stats
Answer % Correct
El Paso
80%
Angelina
70%
Bell
68%
Burnet
66%
Bastrop
64%
Harris
64%
Deaf Smith
60%
Cherokee
58%
Houston
58%
Jim Hogg
58%
Kerr
56%
Cooke
52%
Hamilton
50%
Fisher
48%
Glasscock
48%
Jack
48%
La Salle
46%
Live Oak
46%
Tom Green
44%
San Jacinto
42%
Waller
42%
Martin
40%
Montague
40%
Palo Pinto
40%
Wise
40%
Wichita
38%
Upshur
36%
Young
36%
Roberts
32%
Terry
30%
No matching quizzes found
Score Distribution
Percent of People with Each Score
Percentile by Number Answered
Your Score History
You have not taken this quiz